01488nam a2200229Ia 4500008004100000020001500041050002500056082002500081100002400106240007000130245015300200250001800353260004100371300002300412500017000435504005300605505041800658650005501076650004201131700004201173700004301215120625s1996 mx 001 0 spa d a9684443528 4aQA76.64 bB6618 1996 a005.117 bB725a 19961 aBooch, Gradyeautor aObject-Oriented Analysis and design with applications lespañol aAnalisis y diseño orientado a objetos con aplicaciones c / Grady Booch ; version española de Juan Manuel Cueva Lovelle, Agustin Cernuda del Rio a2a. edición3 aMéxico b : Addison-Wesleyc, 1996 axix, 638 páginas aIncluye: apéndice (pp. 539-559) Incluye: glosario (pp. 561-569) Incluye: vocabulario técnico bilingüe (pp. 623-628) Incluye: índice analítico (pp. 629-638) aIncluye bibliografía clasificada (pp. 571-622)1 aConceptos Complejidad El modelo de objetos Clases y objetos Clasificación El método La notación El proceso Aspectos pragmáticos Aplicaciones Adquisición de datos. Estación de monitorización del clima Marco de referencia. Biblioteca básica de clases Computación cliente/servidor: mantenimiento de catálogos Inteligencia artificial: criptoanálisis Dirección y control. Gestión de tráfico 0aPROGRAMACIÓN ORIENTADA A OBJETOS (COMPUTACIÓN) 0aSOFTWARE PARA COMPUTADORAxDESARROLLO1 aCueva Lovelle, Juan Manueletraductor1 aCernuda del Rio, Agustíne traductor